| 000 | 00483nam a2200169 i 4500 | ||
|---|---|---|---|
| 001 | 134628 | ||
| 003 | ES-MaACL | ||
| 005 | 20230906194719.0 | ||
| 007 | t| | ||
| 008 | 070912s1907 sz ||||1| fre d | ||
| 100 | 1 |
_aWegener, Hans. _9116303 |
|
| 245 | 1 | 0 |
_aNous les jeunes / _cpar H. Wegener ; traduit par S. Maerky-Richard. |
| 260 |
_aGenève : _bJ.-H. Jeheber, _c[1907] |
||
| 300 |
_a223 p. ; _c19 cm. |
||
| 700 | 1 |
_aMaerky-Richard, Suzanne. _975381 |
|
| 852 |
_aES-MaACL _jD-625 |
||
| 999 |
_c134628 _d134628 |
||